Спортивная шагает молодежь

Manylion Llyfryddiaeth
Awduron Eraill: Прок И. (составитель), Блинов Г
Crynodeb:Исключено из фонда НТБ ТПУ
Iaith:Rwseg
Cyhoeddwyd: Москва, Физкультура и спорт, 1961
Pynciau:
Fformat: MixedMaterials Llyfr
KOHA link:https://koha.lib.tpu.ru/cgi-bin/koha/opac-detail.pl?biblionumber=122761

MARC

LEADER 00000nam0a2200000 4500
001 122761
005 20250513114716.0
035 |a (RuTPU)RU\TPU\book\132903 
090 |a 122761 
100 |a 20071008d1961 em y0rusy50 ca 
101 0 |a rus 
102 |a RU 
105 |a a z 000zy 
200 1 |a Спортивная шагает молодежь  |f сост. И. Прок, Г Блинов 
210 |a Москва  |c Физкультура и спорт  |d 1961 
215 |a 88 с.  |c ил. 
333 |a Исключено из фонда НТБ ТПУ 
610 1 |a спорт 
610 1 |a физкультура 
610 1 |a молодежь 
610 1 |a Олимпийские игры 
610 1 |a фотографии 
675 |a 79  |v 3 
702 1 |a Прок  |b И.  |4 220 
702 1 |a Блинов  |b Г  |4 220 
801 1 |a RU  |b 63413507  |c 20071008  |g PSBO 
850 |a 63413507 
942 |c BK